000 00619nam a2200229Ia 4500
003 OSt
005 20230524095328.0
008 210423s2013 xx 000 0 und d
020 _a0-8247-8270-4
040 _cAL
041 _aeng
082 _a660.6 ASES
_223
100 _aASENJO (Juan A)
_9111868
245 _aSeparation processes in biotechnology.
260 _aNew Delhi
_bTaylor & Francis
_c2013
300 _axv,801
_bPB
365 _b1195
_cINR
650 _aFood Technology
_9111869
650 _aSpecial Purpose Foods
_9111870
906 _abiotechnology. ; processes ; Separation
942 _2ddc
_cBK
999 _c165344
_d165344